000
00228nam a2200097Ia 4500
008
220204s9999 xx 000 0 und d
082
_a
82-34
_b
NIL
100
_a
Nilima Sinha
245
0
_a
Vanishing tract at Chandipur
942
_c
BK
999
_c
38593
_d
38593